UBT Library

Farm records and accounting, (Record no. 40990)

000 -LEADER
fixed length control field 00523cam a22002051 4500
001 - CONTROL NUMBER
control field 7970249
005 - DATE AND TIME OF LATEST TRANSACTION
control field 20180126073015.0
008 - FIXED-LENGTH DATA ELEMENTS--GENERAL INFORMATION
fixed length control field 750908s1962 iaua s000 0 eng
010 ## - LIBRARY OF CONGRESS CONTROL NUMBER
LC control number 62009121
035 ## - SYSTEM CONTROL NUMBER
System control number (OCoLC)1610192
040 ## - CATALOGING SOURCE
Original cataloging agency DLC
Transcribing agency NcGrE
Modifying agency OCoLC
-- DLC
041 ## - LANGUAGE CODE
Language code of text/sound track or separate title eng
080 ## - UNIVERSAL DECIMAL CLASSIFICATION NUMBER
Universal Decimal Classification number 567
082 ## - DEWEY DECIMAL CLASSIFICATION NUMBER
Edition number 567 HOP
100 1# - Rafti
Rafti 9
101 ## - Shkurtesa
Shkurtesa MJE
245 10 - TITLE STATEMENT
Title Farm records and accounting,
906 ## - LOCAL DATA ELEMENT F, LDF (RLIN)
a 7
b cbc
c oclcrpl
d u
e ncip
f 19
g y-gencatlg
942 ## - ADDED ENTRY ELEMENTS (KOHA)
Source of classification or shelving scheme
Item type Books
Holdings
Withdrawn status Lost status Source of classification or shelving scheme Damaged status Not for loan Collection code Permanent location Current location Shelving location Date acquired Total Checkouts Full call number Barcode Date last seen Price effective from Koha item type
          Koleksioni i përgjithshem UBT - Lipjan UBT - Lipjan Koleksioni i përgjithshem 01/26/2018   567 HOP 002-2996422 01/26/2018 01/26/2018 Books
UBT Library © 2015-2024. All rights reserved University Education for Business and Technology